Για την ελληνική μουσική

Αποθηκεύτηκε σε:
Λεπτομέρειες βιβλιογραφικής εγγραφής
Κύριος συγγραφέας: Θεοδωράκης, Μίκης, 1925-
Μορφή: Βιβλίο
Γλώσσα:Greek
Δημοσίευση: Αθήνα : Καστανιώτης, 1986
Θέματα:
Ετικέτες: Προσθήκη ετικέτας
Δεν υπάρχουν, Καταχωρήστε ετικέτα πρώτοι!

MARC

LEADER 00000nam a2200000 i 4500
001 1/22161
008 931007s1986 gre d
035 |a 1989  |b 2  |c Δωρεά  |l 10036489 
040 |a GR-MY-UA  |b gre  |e aacr 
041 0 |a gre 
082 0 |a 780.9495 
100 1 |a Θεοδωράκης, Μίκης,   |d 1925- 
245 1 0 |a Για την ελληνική μουσική /  |c Μίκη Θεοδωράκη 
260 |a Αθήνα :   |b Καστανιώτης,   |c 1986 
300 |a 277 σ. 
650 0 0 |a Music  |z Greece  |x History and criticism. 
650 0 0 |a Music  |z Greece  |y 20th century. 
852 |a INST  |b RHODES  |e 19931007  |h 780.9495 ΘΕΟ  |p 005400003137  |q 005400003137  |t BK  |y 0 
909 |a Ρ  |b 014777  |c 1989